|
|
|
|
| LEADER |
01158nam a2200313 a 4500 |
| 001 |
27329 |
| 003 |
BD-DhAAL |
| 005 |
20200603192936.0 |
| 008 |
130728s2011 maua b 001 0 eng |
| 999 |
|
|
|c 13749
|d 13749
|
| 010 |
|
|
|a 2010000429
|
| 020 |
|
|
|a 9780205781300 (pbk. : alk. paper)
|
| 020 |
|
|
|a 0205781306 (pbk. : alk. paper)
|
| 035 |
|
|
|a (OCoLC)ocn462909904
|
| 040 |
|
|
|a DLC
|c DLC
|d YDX
|d EYD
|d YDXCP
|d DLC
|d BD-DhAAL
|
| 050 |
0 |
0 |
|a H97
|b .W45 2011
|
| 082 |
0 |
0 |
|a 320.6
|2 22
|
| 100 |
1 |
|
|a Weimer, David Leo.
|9 2363
|
| 245 |
1 |
0 |
|a Policy analysis :
|b concepts and practice /
|c David L. Weimer, Aidan R. Vining.
|
| 250 |
|
|
|a Fifth edition
|
| 260 |
|
|
|a Boston :
|b Longman ;
|b Pearson,
|c c2011.
|
| 300 |
|
|
|a xix, 473 pages :
|b illustrations ;
|c 24 cm.
|
| 504 |
|
|
|a Includes bibliographical references and index.
|
| 541 |
|
|
|e 27329
|
| 650 |
|
0 |
|a Policy sciences.
|9 2364
|
| 700 |
1 |
|
|a Vining, Aidan R.
|9 2365
|
| 852 |
|
|
|a BRAC Institute of Governance and Development
|c General Stacks
|
| 942 |
|
|
|2 ddc
|c BK
|
| 952 |
|
|
|0 0
|1 0
|2 ddc
|4 0
|6 320_600000000000000_WEI
|7 0
|9 23005
|a IGS
|b IGS
|c GEN
|d 2013-07-28
|e Parama
|g 5398.00
|l 0
|o 320.6 WEI
|p 3010027329
|r 2013-07-28
|t 1
|w 2013-07-28
|y BK
|